[Event "SVK-chT2A 2223"]
[Site "Slovakia"]
[Date "2022.11.13"]
[Round "4.5"]
[White "Malaschitz, Richard"]
[Black "Vitazka, Juraj"]
[Result "1-0"]
[WhiteElo "1989"]
[BlackElo "1609"]
[PlyCount "63"]
[EventDate "2022.10.08"]
[EventType "team-tourn"]
[EventRounds "11"]
[EventCountry "SVK"]
[SourceTitle "EXT 2024"]
[Source "ChessBase"]
[SourceDate "2023.10.10"]
[SourceVersion "1"]
[SourceVersionDate "2023.10.10"]
[SourceQuality "1"]
[WhiteTeam "Bratislava Doprastav II"]
[BlackTeam "Senec"]
[WhiteTeamCountry "SVK"]
[BlackTeamCountry "SVK"]

1. e4 e6 2. d4 d5 3. e5 c5 4. c3 Nc6 5. Nf3 Qb6 6. a3 cxd4 7. cxd4 Nge7 8. Bd3 Bd7 9. Bc2 Ng6 10. h4 Nge7 11. Nc3 Na5 12. h5 h6 13. 0-0 Kd8 14. Re1 Qc7 15. Re3 Rc8 16. b3 Be8 17. Bb2 g5 18. g4 a6 19. Rc1 Bg7 20. Re1 Qb8 21. Qd2 b6 22. Kg2 Bd7 23. Na2 Rc7 24. Bc3 Nec6 25. Nxg5 Rf8 26. Nh3 Ke8 27. Nb4 Nxb4 28. Bxb4 Rg8 29. Bd6 Bf8 30. Bxc7 Qxc7 31. Bh7 Rg7 32. Rxc7 1-0

[Event "Bratislava Doprastav op"]
[Site "Bratislava"]
[Date "2010.07.02"]
[Round "1"]
[White "Frindt, Kornel"]
[Black "Vitazka, Juraj"]
[Result "1-0"]
[WhiteElo "2222"]
[BlackElo "1800"]
[PlyCount "75"]
[EventDate "2010.07.02"]
[EventType "swiss"]
[EventRounds "9"]
[EventCountry "SVK"]
[SourceTitle "EXT 2012"]
[Source "ChessBase"]
[SourceDate "2011.11.24"]
[SourceVersion "1"]
[SourceVersionDate "2011.11.24"]
[SourceQuality "1"]

1. e4 e6 2. d4 d5 3. Nd2 dxe4 4. Nxe4 Nd7 5. Nf3 Ngf6 6. Bd3 Be7 7. 0-0 0-0 8. Qe2 b6 9. Re1 Bb7 10. Neg5 Bxf3 11. Nxf3 c5 12. Bf4 cxd4 13. Nxd4 Bc5 14. Nc6 Qc8 15. Ne5 Bd4 16. Nxd7 Qxd7 17. c3 Bc5 18. Rad1 Qe7 19. b4 Nd5 20. Qe4 f5 21. Qf3 Nxf4 22. Qxf4 Bd6 23. Qd2 Rad8 24. f4 Rf6 25. g3 Rg6 26. Kf1 Qb7 27. Kg1 Qc7 28. Rf1 h5 29. Kg2 h4 30. Rf3 Qc6 31. a3 h3+ 32. Kf2 Qc7 33. Qe2 Bxf4 34. Rxf4 Qxc3 35. Rc4 Qxa3 36. Qc2 Kh7 37. Ke2 Rg4 38. Rxg4 1-0

[Event "SVK-Cup12 sf4 corr"]
[Site "Slovakia"]
[Date "2000.07.??"]
[Round "?"]
[White "Lysik, Jan"]
[Black "Vitazka, Juraj"]
[Result "0-1"]
[WhiteElo "2020"]
[BlackElo "1935"]
[PlyCount "54"]
[EventDate "2000.07.??"]
[EventType "tourn (corr)"]
[EventRounds "12"]
[EventCountry "SVK"]
[SourceTitle "Corr 2004"]
[Source "ChessBase"]
[SourceDate "2003.04.28"]
[SourceVersion "3"]
[SourceVersionDate "2003.04.28"]
[SourceQuality "1"]

1. d4 Nf6 2. c4 e6 3. Nc3 d5 4. Bg5 Nbd7 5. Nf3 c6 6. e3 Qa5 7. Bxf6 Nxf6 8. Nd2 Bb4 9. Qc2 0-0 10. Bd3 Bxc3 11. bxc3 Qc7 12. Nf3 c5 13. 0-0 b6 14. Ne5 Ba6 15. cxd5 Bxd3 16. Qxd3 exd5 17. Rab1 Rac8 18. f3 cxd4 19. cxd4 Qc3 20. Qe2 Qc2 21. Rfe1 Qxe2 22. Rxe2 Rc3 23. Kf2 Rfc8 24. Rbb2 R8c7 25. Red2 Rc1 26. Nd3 R1c3 27. Nf4 h6 0-1

[Event "SVK-chT2W 9900"]
[Site "Slovakia"]
[Date "1999.??.??"]
[Round "2.8"]
[White "Vitazka, Juraj"]
[Black "Obdrzalkova, Anita"]
[Result "0-1"]
[WhiteElo "1795"]
[BlackElo "1714"]
[PlyCount "72"]
[EventDate "1999.11.06"]
[EventType "team"]
[EventRounds "9"]
[EventCountry "SVK"]
[SourceTitle "EXT 2005"]
[Source "ChessBase"]
[SourceDate "2004.11.15"]
[SourceVersion "1"]
[SourceVersionDate "2004.11.15"]
[SourceQuality "1"]

1. d4 Nf6 2. Bg5 e6 3. c4 c5 4. d5 exd5 5. cxd5 d6 6. Nc3 a6 7. e4 g6 8. Bd3 Bg7 9. Nge2 0-0 10. 0-0 b5 11. a3 Nbd7 12. Rc1 Qb6 13. h3 Re8 14. Be3 Qd8 15. Qd2 Nb6 16. b4 c4 17. Bc2 Rb8 18. Nd4 Bd7 19. Bf4 Qc7 20. Rfe1 Re7 21. Rcd1 Rbe8 22. f3 Nh5 23. Bh2 Nc8 24. g4 Nf6 25. Re2 Qb6 26. Kg2 Kh8 27. Bg1 Qc7 28. Be3 Nb6 29. Nc6 Bxc6 30. dxc6 Qxc6 31. Qxd6 Re6 32. Qxc6 Rxc6 33. Bxb6 Rxb6 34. g5 Nh5 35. Nd5 Rd6 36. Rb1 Rxd5 0-1